| 000 | 01012cam a22003134a 4500 | ||
|---|---|---|---|
| 999 |
_c531760 _d531760 |
||
| 001 | 14667567 | ||
| 003 | NUST | ||
| 005 | 20191025120204.0 | ||
| 008 | 061212s2005 wau 000 0 eng | ||
| 010 | _a 2005909998 | ||
| 020 | _a9780971991538 | ||
| 020 | _a0971991537 | ||
| 038 | _aMSOHAIL | ||
| 040 |
_aDLC _cDLC _dDLC |
||
| 050 | 0 | 0 |
_aHE1621 _b.W47 2005 |
| 082 | 0 | 0 |
_a385.068 _222 |
| 100 | 1 |
_aWhite, Thomas _q(Thomas A.) _924783 |
|
| 245 | 1 | 0 |
_aManaging railroad transportation / _cby Thomas White, Al Krug. |
| 260 |
_aMountlake Terrace, WA : _bVTD Rail Pub., _cc2005. |
||
| 300 |
_a255 p. ; _c23 cm. |
||
| 500 | _a"Includes Train dynamics by Al Krug"--Cover. | ||
| 650 | 0 |
_aRailroads _xManagement. _924784 |
|
| 650 | 0 |
_aLocomotives _xDynamics. _924785 |
|
| 700 | 1 |
_aKrug, Al. _924786 |
|
| 700 | 1 | 2 |
_aKrug, Al. _tTrain dynamics. _924787 |
| 906 |
_a7 _bcbc _corignew _d2 _eopcn _f20 _gy-gencatlg |
||
| 942 |
_2ddc _cBK |
||